000 00693nam a2200241 4500
001 7075481
005 20260423115702.0
006 000
007 000
008 000
010 _a 67021204
035 _a(OCoLC)935930
040 _aUOEL
_cDeU
_dOCoLC
_dDLC
042 _apremarc
050 0 0 _aQK647
_b.C68 1967
100 1 _aCôté, Wilfred A.
245 1 0 _aWood ultrastructure :
_ban atlas of electron micrographs /
_cby Wilfred A. Côté, Jr.
260 _aSeattle,
_bUniversity of Washington Press
_cc1967.
300 _a1 v. (unpaged)
_billus., 25 plates.
_c28 cm.
650 0 _aWood
_xBotany
_xAtlases.
_2Anatomy
906 _a7
_bcbc
_coclcrpl
_du
_encip
_f19
_gy-gencatlg
942 _2lcc
_cBK
999 _c8675
_d8675